000 00589nam a2200205 4500
001 131165
003 ES-MaACL
005 20250710062731.0
007 t|
008 070214s1958 fr r ||||1| fre d
100 1 _aRobin, Gilbert.
_997870
245 1 2 _aL'education des enfants difficiles /
_cpar le Dr. Gilbert Robin.
250 _a5e éd.
260 _aParis :
_bPresses Universitaires de France,
_c1958.
300 _a128 p. ;
_c18 cm.
490 1 _aQue sais-je? ;
_v71
830 0 0 _aQue sais-je?
_v71
_9180931
852 _aES-MaACL
_jC-15589
_bR.43409
999 _c131165
_d131165